Loading...
Modern trends in library and information science /
| Main Author: | |
|---|---|
| Other Authors: | |
| Format: | Printed Book |
| Published: |
Jodpur:
Scientific,
2010.
|
| Subjects: |
| LEADER | 00560cam a2200169ua 4500 | ||
|---|---|---|---|
| 008 | 110310t2010||||||||||| 00 ||||| c | ||
| 082 | |a 025.002 85 |b MOD | ||
| 100 | |a Pawan K.Gupta, | ||
| 245 | 0 | 0 | |a Modern trends in library and information science / |
| 260 | |a Jodpur: |b Scientific, |c 2010. | ||
| 300 | |a 524p.. | ||
| 362 | 1 | |a 2010. | |
| 650 | 0 | |a Library and information science | |
| 700 | 0 | 2 | |a Tirth Das |
| 942 | |c BK | ||
| 999 | |c 25100 |d 25100 | ||
| 952 | |0 0 |1 0 |4 0 |6 025_002000000000000_85_MO |7 0 |9 26714 |a KUCL |b KUCL |d 2014-05-23 |l 0 |o 025.002 85 MO |p 25599 |r 2014-05-23 |w 2014-05-23 |y BK | ||